000 00796cab a2200241 4500
001 WB3129-11
008 090401t1995 xxu||||| |||| 00| 0 eng d
035 _a(Sirsi) u40840
041 _aeng
245 _aWellcome Trust purchases estate
260 _c1995
350 _a0
490 _aFinancial Times
_v25 July 1995, 14
490 _aProperty Week
_v52(4) 27 July 1995, 5(2)
520 _aWellcome Trust has purchased the Kensington Estate; 54 acres of South Kensington for £280m. Purchased from Smith`s Charity, another medical foundation.
650 _aLANDED ESTATES
650 _aLONDON
650 _aPROPERTY PORTFOLIO
650 _aWELLCOME TRUST
690 _aPROPERTY-COMMERCIAL PROPERTY-COMMERCIAL PROPERTY FINANCE AND INVESTMENT
942 _n0
948 _c04/03/1997
999 _c26178
_d26178